000 00493cam a22001814a 4500
020 _a0139067442
040 _cDLC
082 0 0 _a530 PRE 2000 A030 Or.
100 1 _aGarcia, Alejandro L.,
245 1 0 _aNumerical methods for physics /
250 _a2nd ed.
260 _aUpper Saddle River, N.J. :
_bPrentice Hall,
_cc2000.
300 _avii, 423 p. :
_bill. ;
_c25 cm.
650 0 _aMathematical physics.
650 0 _aDifferential equations, Partial
650 0 _aPhysics
942 _cEK
999 _c11502
_d11502